000 00628nam a22002177a 4500
003 UA-OsUOA
001 114214
007 ta
008 20151026b un ||||| |||| 00| 0 ukr d
100 _aВерсаль Н.
090 _a330(477)
_bВ35
942 _cSA
040 _aUA-OsUOA
_bukr
_cUA-OsUOA
_dUA-OsUOA
245 _aЕфективність діяльності державних банків в Україні
300 _aС.47-56
955 _a0
041 _aukr
080 _a330(477)
773 0 _w114211
_tБанківська справа
_dК.
_d2015
_g5
650 7 _a330 Економіка взагалі
_2UDC
999 _c400359
_d400359